Don't estop me now! (Record no. 84381)
[ view plain ]
| 000 -LEADER | |
|---|---|
| fixed length control field | 00887cab a22002055a 4500 |
| 001 - CONTROL NUMBER | |
| control field | L157437 |
| 008 - FIXED-LENGTH DATA ELEMENTS--GENERAL INFORMATION | |
| fixed length control field | 121130e20121117xxk 000 0 eng d |
| 035 ## - SYSTEM CONTROL NUMBER | |
| System control number | (Sirsi) u157437 |
| 041 0# - LANGUAGE CODE | |
| Language code of text/sound track or separate title | eng |
| 100 1# - MAIN ENTRY--PERSONAL NAME | |
| Personal name | Johnston, Bryan |
| 245 00 - TITLE STATEMENT | |
| Title | Don't estop me now! |
| 260 ## - PUBLICATION, DISTRIBUTION, ETC. | |
| Date of publication, distribution, etc. | 2012 |
| 490 ## - SERIES STATEMENT | |
| Series statement | Estates Gazette |
| Volume/sequential designation | (1246) 17 November 2012, 112-114(3) |
| 520 ## - SUMMARY, ETC. | |
| Summary, etc. | Considers if estoppel is effective in break clause cases. At present many tenants wish to break from their current leases by operating break clauses where they can either to seek better deals or to reduce their property holdings while landlords are under pressure to tie their tenants down to maintain continuity of income especially where the current lease has upwards only rent reviews. |
| 590 ## - LOCAL NOTE (RLIN) | |
| Local note | KA |
| 651 #4 - SUBJECT ADDED ENTRY--GEOGRAPHIC NAME | |
| Geographic name | United Kingdom |
| 690 ## - LOCAL SUBJECT ADDED ENTRY--TOPICAL TERM (OCLC, RLIN) | |
| Topical term or geographic name as entry element | Landlord and tenant |
| 9 (RLIN) | 6252 |
| 700 1# - ADDED ENTRY--PERSONAL NAME | |
| Personal name | Taggart, Nicholas |
| 942 ## - ADDED ENTRY ELEMENTS (KOHA) | |
| Suppress in OPAC | 0 |
| Withdrawn status | Lost status | Source of classification or shelving scheme | Damaged status | Not for loan | Home library | Current library | Shelving location | Date acquired | Total Checkouts | Full call number | Barcode | Date last seen | Copy number | Price effective from | Koha item type |
|---|---|---|---|---|---|---|---|---|---|---|---|---|---|---|---|
| Dewey Decimal Classification | London | London | Journal article | 30/11/2012 | L157437 | 157437-1001 | 06/08/2019 | 1 | 06/08/2019 | Journal article |